000 00912nab a22002297a 4500
999 _c6543
_d6543
003 OSt
005 20260223132732.0
008 190506c xxu||||| |||| 00| 0 spa d
040 _cPJ
100 _97134
_aRodríguez, María de los Ángeles
245 1 3 _aLa utopía de justicia social en el rol de la mujer en la actividad sindical /
_cMaría de los Ángeles Rodríguez.
260 _aBuenos Aires :
_bAbeledoPerrot,
_c2024.
300 _ap. 17-20
500 _aCita: TR LALEY AR/DOC/764/2024.
505 _t¿Te interesa el texto completo? Comunicate al correo: koha@justierradelfuego.gov.ar
650 0 _91316
_aDERECHO LABORAL
650 0 _94044
_aPERSPECTIVA DE GÉNERO
650 0 _91487
_aTRABAJO DE MUJERES
650 0 _91367
_aASOCIACIONES SINDICALES
773 0 _02751
_93202
_dBuenos Aires : AbeledoPerrot, 2013-
_tRevista de derecho laboral y seguridad social. Nº 9 - Mayo 2024
942 _2udc
_cANA